000 00956nas a2200313 4500
001 BR7702049
003 BR-BrBNA
005 20231205083147.0
007 ta
008 230509b bl.|||p| |||| 00| 00por d
040 _aBR-BrBNA
_bpor
_cBiblioteca Nacional de Agricultura
041 _a(Pt)
072 _aH10
100 1 _aZanuncio, J.C.
100 1 _aVilela, F.F.
100 1 _aVieira. M.
100 1 _aSuplicy Filho, N.
245 1 _aControle quimico e microbiologico de Eupseudosoma involuta e de Sarsina violascens, no municipio de Curvelo, estado deMinas Gerais [Lagarta; Inseto; Eucalipto; Brasil]
650 _aPraga de planta
650 _aEucalipto
650 _aLagarta
650 _aInseto
650 _aControle quimico
650 _aCurvelo
650 _aMinas Gerais
773 0 _tRevista Arvore (Brazil)
_x
_g(Jul 1977), v. 1(2) p. 107-120
_wBR7702049
909 _a202311
_bLúcia
_c55
_dLúcia Elande
942 _2AGRIS
_n0
_cANA
999 _c96808
_d96808